=LDR 00000nam 2200000 4500 =001 INLIS000000000042428 =005 20131008015222 =008 ***********************************ind** =035 ##$$0010-101300000000350 =041 ##$$a ind =082 ##$$a 6160126 =090 ##$$a 616.126, Pan p =245 ##$$a Panduan lengkap pencegahan =260 ##$$a 2005 $b Jakarta =300 ##$$a Xii,155 hlm, Ilus, 21 cm =650 ##$$a DEMAM BERDARAH =850 ##$$a NBPNMAT